LEADER 00992nam a2200277 i 4500 001 991000263669707536 005 20020527111137.0 008 010810s1988 it ||| | ita 020 $a8822105818 035 $ab10053293-39ule_inst 035 $aPARLA218449$9ExL 040 $aDip.to Filosofia$bita 082 0 $a374.4 100 1 $aVertecchi, Benedetto$0126901 245 10$aInsegnare a distanza /$cBenedetto Vertecchi ; contributi di Luigia Acciaroli ... [et al.] 260 $aScandicci :$bLa nuova Italia,$c1988 300 $aVII, 230 p. ;$c21 cm. 490 0 $aEducatori antichi e moderni ;$v427 650 4$aScuole per corrispondenza 700 1 $aAcciaroli, Luigia 907 $a.b10053293$b17-02-17$c27-06-02 912 $a991000263669707536 945 $aLE005 MF 24 B 8$g1$i2005000265556$lle005$o-$pE0.00$q-$rl$s- $t0$u1$v0$w1$x0$y.i1006154x$z27-06-02 996 $aInsegnare a distanza$9193618 997 $aUNISALENTO 998 $ale005$b01-01-01$cm$da $e-$fita$git $h0$i1 LEADER 02462nam 2200637Ia 450 001 9910972978303321 005 20251117115044.0 010 $a1-134-93243-X 010 $a9786610019984 010 $a1-134-93244-8 010 $a0-415-05780-9 010 $a1-280-01998-0 010 $a0-203-16801-1 024 7 $a10.4324/9780203168011 035 $a(CKB)111087026844306 035 $a(SSID)ssj0000277500 035 $a(PQKBManifestationID)11205015 035 $a(PQKBTitleCode)TC0000277500 035 $a(PQKBWorkID)10235392 035 $a(PQKB)10274366 035 $a(MiAaPQ)EBC179206 035 $a(Au-PeEL)EBL179206 035 $a(CaPaEBR)ebr10099103 035 $a(CaONFJC)MIL1998 035 $a(OCoLC)437081961 035 $a(OCoLC)54352951 035 $a(EXLCZ)99111087026844306 100 $a19980209d1998 uy 0 101 0 $aeng 135 $aurcn||||||||| 181 $ctxt 182 $cc 183 $acr 200 10$aBritish fashion design $erag trade or image industry? /$fAngela McRobbie 205 $a1st ed. 210 $aLondon ;$aNew York $cRoutledge$d1998 215 $avi, 209 p 300 $aBibliographic Level Mode of Issuance: Monograph 311 08$a0-415-05781-7 311 08$a0-203-28371-6 320 $aIncludes bibliographical references and index. 327 $achapter 1 FASHION DESIGN AND CULTURAL PRODUCTION -- chapter 2 GREAT DEBATES IN ART AND DESIGN EDUCATION -- chapter 3 THE FASHION GIRLS AND THE PAINTING BOYS -- chapter 4 FASHION EDUCATION, TRADE AND INDUSTRY -- chapter 5 What kind of industry? From getting started to going bust -- chapter 6 A MIXED ECONOMY OF FASHION DESIGN -- chapter 7 THE ART AND CRAFT OF FASHION DESIGN -- chapter 8 MANUFACTURE, MONEY AND MARKETS IN FASHION DESIGN -- chapter 9 A NEW KIND OF RAG TRADE? -- chapter 10 FASHION AND THE IMAGE INDUSTRIES -- chapter 11 LIVELIHOODS IN FASHION. 330 $aStressing the social context of cultural production, McRobbie focuses on British fashion and its graduate designers as products of youth street culture. 606 $aFashion design$zGreat Britain 606 $aDesign$zGreat Britain 615 0$aFashion design 615 0$aDesign 676 $a746.9/2/0941 700 $aMcRobbie$b Angela$0142405 801 0$bMiAaPQ 801 1$bMiAaPQ 801 2$bMiAaPQ 906 $aBOOK 912 $a9910972978303321 996 $aBritish fashion design$94487732 997 $aUNINA